LEADER 00955cam0-22003491--450- 001 990008839470403321 005 20101108104843.0 020 $aIT$b84115 035 $a000883947 035 $aFED01000883947 035 $a(Aleph)000883947FED01 035 $a000883947 100 $a20090415d1982----km-y0itay50------ba 101 1 $aita 102 $aIT 105 $ay-------001yy 200 1 $a<>lotta per la libertà religiosa$fRoland H. Bainton 205 $a4. ed. 210 $aBologna$cil Mulino$d1982 215 $a268 p.$d19 cm 225 1 $aUniversale paperbacks Il mulino$v140 676 $a261.72$v18$zita 700 1$aBainton,$bRoland Herbert$0289992 801 0$aIT$bUNINA$gRICA$2UNIMARC 901 $aBK 912 $a990008839470403321 952 $aSDI-KE 243$b2591$fSDI 952 $aCollez. 28 (140)$b7346$fFSPBC 959 $aSDI 959 $aFSPBC 996 $aLotta per la liberta religiosa$9587832 997 $aUNINA LEADER 02027nam 2200529Ia 450 001 9910701122503321 005 20120109104834.0 035 $a(CKB)5470000002415825 035 $a(OCoLC)771916924 035 $a(EXLCZ)995470000002415825 100 $a20120109d2011 ua 0 101 0 $aeng 135 $aurmn||||||||| 181 $ctxt$2rdacontent 182 $cc$2rdamedia 183 $acr$2rdacarrier 200 00$aImplementation of enhanced propulsion control modes for emergency flight operation$b[electronic resource] /$fJeffrey T. Csank ... [and others] ; prepared for the Infotech@Aerospace 2011 Conference sponsored by the American Institute of Aeronautics and Astronautics, St. Louis, Missouri, March 29-31, 2011 210 1$aCleveland, Ohio :$cNational Aeronautics and Space Administration, Glenn Research Center,$d[2011] 215 $a1 online resource (11 pages) $ccolor illustrations 225 1 $aNASA/TM ;$v2011-217038 300 $aTitle from title screen (viewed on Jan. 9, 2012). 300 $a"July 2011." 300 $a"AIAA-2011-1590." 320 $aIncludes bibliographical references (page 11). 606 $aEmergencies$2nasat 606 $aFlight control$2nasat 606 $aFlight operations$2nasat 606 $aAircraft engines$2nasat 606 $aControllers$2nasat 606 $aRisk assessment$2nasat 606 $aPropulsion system performance$2nasat 615 7$aEmergencies. 615 7$aFlight control. 615 7$aFlight operations. 615 7$aAircraft engines. 615 7$aControllers. 615 7$aRisk assessment. 615 7$aPropulsion system performance. 701 $aCsank$b Jeffrey T$01402819 712 02$aNASA Glenn Research Center. 712 12$aInfotech@Aerospace Conference$f(2011 :$eSaint Louis, Mo.) 801 0$bGPO 801 1$bGPO 906 $aBOOK 912 $a9910701122503321 996 $aImplementation of enhanced propulsion control modes for emergency flight operation$93531737 997 $aUNINA LEADER 01449nam0-22003851i-450 001 990001642570403321 005 20240916131344.0 035 $a000164257 035 $aFED01000164257 035 $a(Aleph)000164257FED01 100 $a20030910d1939----km-y0itay50------ba 101 0 $aita 102 $aIT 105 $aa 001yy 200 1 $a<>cereali dell' Africa italiana$fRaffaele Ciferri, Isaia Baldrati 210 $aFirenze$cIstituto agronomico per l' Africa italiana$d1939 215 $a2 v.$d24 cm 327 $a1.: I frumenti dell'Africa Orientale italiana studiati su materiali originali / Raffaele Ciferri, Guido Renzo Giglioli$a2.: Il Teff (Eragrostis teff), cereale da panificazione dell'Africa orientale montana / Raffaele Ciferri, Isaia Baldrati$a3.: I frumenti oasicoli del Sahara libico / Raffaele Ciferri, Mario Garavini 610 0 $aGraminales 610 0 $aCereali 676 $a633.1$v23$zita 700 1$aCiferri,$bRaffaele$f<1897-1964>$0300626 702 1$aBaldrati,$bIsaia 702 1$aGiglioli,$bGuido Renzo 702 1$aGaravini,$bMario 801 0$aIT$bUNINA$gRICA$2UNIMARC 901 $aBK 912 $a990001642570403321 952 $a60 584.9 B 4$b32980/81$fFAGBC 952 $aA AGR 581-1$b11675/2024$fFAGBC 952 $aA AGR 581-2$b11797/2024$fFAGBC 952 $aA AGR 581-3$b11798/2024$fFAGBC 959 $aFAGBC 996 $aCereali dell' Africa italiana$9368077 997 $aUNINA